| 000 | 00732nam a2200205 i 4500 | ||
|---|---|---|---|
| 001 | 60248 | ||
| 003 | ES-MaACL | ||
| 005 | 20230906164206.0 | ||
| 007 | t| | ||
| 008 | 031104s1986 sp ||||1| spa d | ||
| 020 | _a84-600-4327-4 | ||
| 100 | 1 |
_aEspaña Fuentes, Rafael. _947760 |
|
| 245 | 1 | 3 |
_aLa Revolución de 1868 en la comarca de Jerez de los Caballeros _b: tesis de licenciatura / _crealizada por Rafael España Fuentes. |
| 260 |
_aMérida : _bUniversidad Nacional de Educación a Distancia, Centro Regional de Extremadura, _c[1986] |
||
| 300 |
_a230 p. ; _c21 cm. |
||
| 500 | _aIndice. | ||
| 504 | _aBibliografía. | ||
| 651 | 4 |
_aEspaña- _xHistoria- _y1868, Revolución. _9149661 |
|
| 852 |
_aES-MaACL _jG-15443 _bR.113263 |
||
| 999 |
_c60248 _d60248 |
||